000 01585nam a2200301 a 4500
001 000048111
005 20240305132040.0
008 181115s2016 dr a 000 0 spa d
020 _a9789945879056
040 _aDO-SdBNP
_bspa
_cBNPHU
082 _axxxx
_bxxxx
245 0 0 _aEmpleo y mercado de trabajo en la República Dominicana (1991-2013) /
_cJaime Aristy Escuder ... [et al.] ; introducción Ramonina Brea del Castillo ; edición; Brennedy Acevedo.
260 _aSanto Domingo :
_bPontificia Universidad Católica Madre y Maestra,
_bCentro Universitario de Estudios Políticos y Sociales, CUEPS,
_c2016.
300 _a253 p. :
_bil. ;
_c23 cm.
490 1 _aCiudadanía y políticas públicas
500 _aIncluye referencias bibliográficas y notas al pie de las páginas
504 _aBibliografía : p. 241-242
505 0 _aMedición de los indicadores del mercado laboral: una revisión crítica --
_tDinámica y tendencias del desempleo --
_tEstructura productiva, empleo y productividad --
_tLa cuestión del empleo (desempleo) y la insuficiencia de la demanda (2000-2013) --
_tLa fuerza de trabajo haitiano: características, penetración y remuneración.
590 _aInventariado, 2018/LP
700 1 _aAristy-Escuder, Jaime
_97043
700 1 _aCeara-Hatton, Miguel
_91685
700 1 _aFrancos Rodríguez, Martín
_975591
700 1 _aLizardo, Jefrey,
_932047
700 1 _aRamírez de León, Francisco
_975592
700 1 _aBrea, Ramonina
_eintrod.
_98319
700 1 _aAcevedo, Brennedy,
_eed.
_975593
830 0 _aCiudadanía y políticas públicas
_919938
999 _c47599
_d47599